Państwa na literę M do ich stolic - Statystyki

Ogólne statystyki
  • Ten quiz został rozwiązany 38 razy
  • Średni wynik to 11 z 14
Statystyki odpowiedzi
stolice państwa % Poprawnych
Meksyk Meksyk
100%
Monako Monako
100%
Valletta Malta
97%
Rabat Maroko
97%
Ułan Bator Mongolia
95%
Antananarywa Madagaskar
92%
Kuala Lumpur Malezja
86%
Bamako Mali
86%
Nawakszut Mauretania
76%
Male Malediwy
73%
Maputo Mozambik
70%
Lilongwe Malawi
62%
Palikir Mikronezja
59%
Port Louis Mauritius
46%
Nie znaleziono quizów pasujących do podanych kryteriów
Rozkład punktacji
Procent ludzi z każdym wynikiem
Percentyl według liczby udzielonych odpowiedzi
Twoja historia wyników
Nie rozwiązałeś tego quizu